Historický vývoj daní a poplatkov na území Slovenska 1918 - 2000

Historický vývoj daní - starovek, stredovek, novovek. Historický vývoj daní na Slovensku. Všeobecná charakteristika správy daní po roku 1989. Správa daní so zameraním na daňové konanie. Historický vývoj poplatkov - správne poplatky, súdne poplatky, notárske poplatky, arbitrážne poplatky, miestne pop...

Descrizione completa

Salvato in:
Dettagli Bibliografici
Autore principale: Kašpar, Pavol
Natura: Capitolo di libro
Lingua:slovacco
Soggetti:
Tags: Aggiungi Tag
Nessun Tag, puoi essere il primo ad aggiungerne!!

MARC

LEADER 00000naa$a2200000$$$4500
001 0060670
005 20221207084206.1
041 0 |a slo 
044 |a CZ 
245 1 0 |a Historický vývoj daní a poplatkov na území Slovenska 1918 - 2000  |c Pavol Kašpar 
520 |a Historický vývoj daní - starovek, stredovek, novovek. Historický vývoj daní na Slovensku. Všeobecná charakteristika správy daní po roku 1989. Správa daní so zameraním na daňové konanie. Historický vývoj poplatkov - správne poplatky, súdne poplatky, notárske poplatky, arbitrážne poplatky, miestne poplatky. Vývoj poplatkov na našom území v rokoch 1989 - 2000. 
610 2 0 |a dane 
610 2 0 |a poplatky 
610 2 0 |a história 
610 2 0 |a Slovensko 
610 2 0 |a 1918-2000 
100 1 |a Kašpar, Pavol